LEADER 01243nam a2200229 i 4500 001 000000191761 003 CaOOAMICUS 005 20100825000000.0 008 100825s1909 it u000 u ita u 013 $a170333 040 $aSeMil$bita 100 1 $aSalotti, Carlo .$0(OLS)http://semarc/name/33216 240 02$aI nuovi martiri Annamiti e cinesi.$0(OLS)http://semarc/title/276288 245 12$aI nuovi martiri annamiti e cinesi :$bMons. Cuenot e compagni (1815-1862) solennemente beatificati dalla Santità di Papa Pio 10. il 2 maggio 1909 /$cMons. Prof. Carlo Salotti. 260 $aRoma :$bTipografia Pontificia nell'Istituto Pio 9.,$c1909. 300 $aXVI, 259 p., [1] p. di ritratto ;$c22 cm. 500 $aContiene : Appendice. 650 4$aMartiri cristiani - Cina.$0(OLS)http://semarc/subject/15875 850 $aSeMil 852 $aSeMil$W1$xVenegono$y1$m3H VI 82$j142369$B142369$CSeMilBibl$Z2$F153905 $81 996 $6245$aI nuovi martiri annamiti e cinesi :$bMons. Cuenot e compagni (1815-1862) solennemente beatificati dalla Santità di Papa Pio 10. il 2 maggio 1909$9(OLS)http://semarc/title/276289 996 $6260$aRoma :$bTipografia Pontificia nell'Istituto Pio 9.$9(OLS)http://semarc/publisher/40547 LEADER 01218nam a2200253 i 4500 001 000000128434 003 CaOOAMICUS 005 20040723000000.0 008 040723s1965 it u000 u ita u 013 $a101161 040 $aSeMil$bita 245 13$aLe stanze di Raffaello /$ctesto di Enzo Carli. 260 $aGinevra :$bSkira,$ccopyr. 1965. 260 $aMilano :$bFratelli Fabbri Editori,$ccopyr. 1965. 300 $a40 p. :$bill. ;$c36 cm. 490 0 $aL'arte racconta : le grandi imprese decorative nell'artedi tutti i tempi ;$v27.[16] 650 4$aSanzio, Raffaello <1483-1520> - Affreschi - Roma - Musei vaticani - Stanze.$0(OLS)http://semarc/subject/17091 700 1 $aCarli, Enzo,$d<1910-1999>.$0(OLS)http://semarc/name/92173 830 2$aL'arte racconta : le grandi imprese decorative nell'artedi tutti i tempi ;$v27.[16].$0(OLS)http://semarc/title/15814 850 $aSeMil 852 $aSeMil$W1$xVenegono$y1$m5J VII 16/27$j82658$B82658$CSeMilBibl$Z2$F84997 $81 996 $6245$aLe stanze di Raffaello$9(OLS)http://semarc/title/189811 996 $6260$aMilano :$bFratelli Fabbri Editori$9(OLS)http://semarc/publisher/29845 996 $6260$aGinevra :$bSkira$9(OLS)http://semarc/publisher/33287